| 000 | 01266nac a22002651u 4500 | ||
|---|---|---|---|
| 010 | _a 2005363296 | ||
| 020 | _a0863565204 | ||
| 035 | _a(OCoLC)ocm55856626 | ||
| 082 | 0 | 0 |
_a305.509567 _bBAT |
| 090 |
_c8535 _d8535 |
||
| 100 | _aBatatu, Hanna, | ||
| 245 | 1 | 4 |
_aThe old social classes and the revolutionary movements of Iraq : _ba study of Iraq's old landed and commercial classes and of its Communists, Baʻthists, and Free Officers / _cHanna Batatu. |
| 260 |
_aLondon : _bSaqi Books,C.2004. _cC.2004. |
||
| 300 |
_axxiv, 1283 p. : _bill. ; _c25 cm. |
||
| 500 | _aDistributer: Baccah. | ||
| 504 | _aIncludes bibliographical references (p. [1231]-1252) and indexes. | ||
| 511 | _aCatalogued By: Mahitab. | ||
| 610 | 2 | 0 | _aḤizb al-Shuyūʻī al-ʻIrāqī. |
| 650 | 0 |
_aSocial classes _zIraq. |
|
| 651 | 0 |
_aIraq _xPolitics and government. |
|
| 856 | 4 | 2 |
_3Contributor biographical information _uhttp://www.loc.gov/catdir/enhancements/fy0627/2005363296-b.html |
| 856 | 4 | 2 |
_3Publisher description _uhttp://www.loc.gov/catdir/enhancements/fy0627/2005363296-d.html |
| 856 | 4 | 2 |
_3Table of contents only _uhttp://www.loc.gov/catdir/enhancements/fy0627/2005363296-t.html |
| 942 |
_cBB _k305.509567BAT |
||
| 999 |
_c8535 _d8535 |
||